000 01278nam a2200253Ia 4500
999 _c39649
_d39649
001 6249
003 GE_BSU
005 20200214150322.0
008 181216s2012||||ge |||||||||||||| ||geo||
020 _a97899414830.
040 _cGE_BSU
041 _ageo
080 _a821.133.1.0 მ-96
100 _aმურა, ჟან-მარკ.
_97085
245 _aფრანკოფონური ლიტერატურები და პოსტკოლონიური თეორია /
_cჟან-მარკ მურა ; რედ. ირმა რატიანი, გაგა ლოიძე ; ფრანგ. თარგმნა რუსუდან თურნავამ.
250 _aპირველი გამოცემა
264 _aთბილისი :
_bმწიგნობარი,
_c2012.
300 _a205 გვ.;
_c20 სმ.
653 _aფრანგული ლიტერატურა
700 _aრატიანი, ირმა
_eრედაქტორი
_95778
700 _aთურნავა, რუსუდან
_eფრანგულიდან თარგმნა
_97086
700 _aლოიძე, გაგა
_eრედაქტორი
_97087
942 _cBK
_2udc